Application of the programmable logic controller GLOFA-GM7 in industry; Методология проектирования молодежного научно-инновационного пространства как основа подготовки современного инженера

Detalles Bibliográficos
Parent link:Методология проектирования молодежного научно-инновационного пространства как основа подготовки современного инженера.— 2014.— [С. 243-246]
Autor Principal: Pletnev A. O.
Autor Corporativo: Национальный исследовательский Томский политехнический университет
Outros autores: Fedorov D. S. (научный руководитель), Denisevich A. A. Aleksander Aleksandrovich, Demyanenko N. V. Natalia Vladimirovna
Summary:Заглавие с экрана
The paper discusses the application of PLC in industry and also the different parts of typical scheme and methods of connection it and programming. The paper is provided with 5 figures.
Idioma:inglés
Publicado: 2014
Series:Innovative trends for modernizing engineering in the age of globalization
Subjects:
Acceso en liña:http://earchive.tpu.ru/handle/11683/65019
http://www.lib.tpu.ru/fulltext/c/2014/C07/052.pdf
Formato: MixedMaterials Electrónico Capítulo de libro
KOHA link:https://koha.lib.tpu.ru/cgi-bin/koha/opac-detail.pl?biblionumber=607984

MARC

LEADER 00000naa2a2200000 4500
001 607984
005 20260316161321.0
035 |a (RuTPU)RU\TPU\conf\5400 
035 |a RU\TPU\conf\5399 
090 |a 607984 
100 |a 20140909d2014 k y0rusy50 ba 
101 0 |a eng 
102 |a RU 
135 |a drcn ---uucaa 
181 0 |a i  
182 0 |a b 
200 1 |a Application of the programmable logic controller GLOFA-GM7 in industry  |f A. O. Pletnev, D. S. Fedorov  |g sci. adv. A. A. Denisevich, N. V. Demyanenko 
203 |a Текст  |c электронный 
215 |a 1 файл (493 Кб) 
225 1 |a Innovative trends for modernizing engineering in the age of globalization 
300 |a Заглавие с экрана 
330 |a The paper discusses the application of PLC in industry and also the different parts of typical scheme and methods of connection it and programming. The paper is provided with 5 figures. 
337 |a Adobe Reader 
463 1 |0 (RuTPU)RU\TPU\conf\3581  |t Методология проектирования молодежного научно-инновационного пространства как основа подготовки современного инженера  |l Strategy design of youth science and innovation environment for modern engineer training  |o сборник научных трудов Международной молодежной научной школы, г. Томск, 2 - 4 апреля 2014 г.  |f Национальный исследовательский Томский политехнический университет (ТПУ) ; под ред. В. В. Верхотуровой и др.  |v [С. 243-246]  |d 2014 
610 1 |a электронный ресурс 
610 1 |a труды учёных ТПУ 
610 1 |a программируемые контроллеры 
610 1 |a логические контроллеры 
610 1 |a АСУ 
610 1 |a автоматизированные системы управления 
610 1 |a GLOFA-GM7 
700 1 |a Pletnev  |b A. O. 
701 1 |a Fedorov  |b D. S. 
702 1 |a Denisevich  |b A. A.  |c Specialist in the field of electric power engineering  |c Assistant of the Department of Tomsk Polytechnic University, Design engineer  |f 1987-  |g Aleksander Aleksandrovich  |4 727 
702 1 |a Demyanenko  |b N. V.  |c linguist  |c Senior Lecturer of Tomsk Polytechnic University  |f 1977-  |g Natalia Vladimirovna  |4 727 
712 0 2 |a Национальный исследовательский Томский политехнический университет  |c (2009- )  |9 26305 
801 1 |a RU  |b 63413507  |c 20101016 
801 2 |a RU  |b 63413507  |c 20210401  |g RCR 
856 4 |u http://earchive.tpu.ru/handle/11683/65019 
856 4 |u http://www.lib.tpu.ru/fulltext/c/2014/C07/052.pdf 
942 |c BK